000 00856nam a2200217 a 4500
003 0
005 20250220123749.0
008 111115s19uu xx 00 eng d
050 _aPGS SB 349.R53
_b.M963 2011
100 _aMun, Ji Hyeon.
245 _aThe effects of rice hulls and wood shavings on the shelf life of tomato (Lycopersicum esculentum) /
_cJi Hyeon Mun.
260 _aLas PiƱas City, Philippines :
_bSouthville International School and Colleges,
_c2011.
300 _a18 pages :
_billustrations ;
_c28 cm.
504 _aIncludes bibliographical references.
650 _aLycopersicum esculentum (Tomato)
_vStorage.
650 _aPostharvest technology
_vTomatoes.
650 _aShelf life (Food preservation).
650 _aOrganic storage materials
_vEffectiveness.
650 _aAgricultural by-products
_vUses.
942 _2lcc
_cPASS
999 _c98673
_d98673